000 00357nam a2200157Ia 4500
008 151213s9999 xx 000 0 und d
100 _aMankiw
245 _aMacro Economics
_cMankiw
250 _a5th
260 _aNew York
_bWorth Publisher
_c2005
300 _a4228 p.
650 _aEconomics
650 _aEconomics
700 _aMankiw
999 _c2652
_d2652